00403nam a2200121Ia 4500001000400000008004100004082002100045100005400066245010300120260001600223901002700239999001500266905241024s9999 xx 000 0 und d aRD/374.013/P816p aPontificia Universidad Católica Madre y Maestra 0aPropuesta sobre pacto social por el Desarrollo de un plan nacional integral del sisitema educativo bPUCMMc2009 a9/12/2010 9:34:46 a.m. c8507d8507